[Event "TCh-FRA Top 12 2019"]
[Site "Brest FRA"]
[Date "2019.05.28"]
[Round "11.6"]
[Board "6"]
[White "Adrian, Claude"]
[Black "Oparin, Grigoriy"]
[Result "0-1"]
[WhiteTitle "IM"]
[BlackTitle "GM"]
[WhiteElo "2238"]
[BlackElo "2624"]
[WhiteTeam "Vandoeuvre-Echecs"]
[BlackTeam "Asnieres - Le Grand Echiquier"]
[WhiteFideId "601071"]
[BlackFideId "24125890"]
[EventDate "2019.05.18"]

1. c4 Nf6 2. g3 e6 3. Bg2 d5 4. d4 dxc4 5. Nf3 a6 6. O-O Nc6 7. e3 Bd7 8. Qe2
Bd6 9. Rd1 O-O 10. Qxc4 Qe7 11. Qe2 e5 12. dxe5 Nxe5 13. Nc3 Bg4 14. h3 Nxf3+
15. Bxf3 Bxh3 16. Bxb7 Rad8 17. b3 Be5 18. Bb2 Qb4 19. Rxd8 Rxd8 20. Rd1 Rf8 21.
Qxa6 Bxc3 22. Ba3 Qg4 23. Rc1 Bb4 24. Rxc7 Qd1+ 25. Kh2 Bf1 0-1

[Event "TCh-FRA Top 12 2019"]
[Site "Brest FRA"]
[Date "2019.05.28"]
[Round "11.6"]
[Board "7"]
[White "Goldsztejn, Gildas"]
[Black "Iglesias, Joachim"]
[Result "1-0"]
[WhiteTitle "IM"]
[BlackTitle "FM"]
[WhiteElo "2423"]
[BlackElo "2276"]
[WhiteTeam "Asnieres - Le Grand Echiquier"]
[BlackTeam "Vandoeuvre-Echecs"]
[WhiteFideId "612375"]
[BlackFideId "637823"]
[EventDate "2019.05.18"]

1. e4 g6 2. d4 Bg7 3. Nf3 d6 4. Bc4 Nf6 5. Qe2 O-O 6. O-O Bg4 7. Rd1 c6 8. Bb3
Nbd7 9. Nbd2 e5 10. c3 Nh5 11. Nc4 Qf6 12. h3 Bxf3 13. Qxf3 Qxf3 14. gxf3 exd4
15. cxd4 d5 16. exd5 cxd5 17. Nd6 Rab8 18. Bxd5 Nb6 19. Bb3 Rbd8 20. Nxb7 Rxd4
21. Be3 Rh4 22. Bg5 Rxh3 23. Kg2 h6 24. Kxh3 hxg5 25. Rd2 Nf4+ 26. Kg4 Kh7 27.
Rh1+ Bh6 28. Rd8 f5+ 29. Kg3 Rf6 30. Bg8+ Kg7 31. Nd6 Nh5+ 32. Rxh5 gxh5 33.
Ne8+ Kxg8 34. Nxf6+ Kf7 35. Nd5 Bg7 36. Nxb6 Be5+ 37. Kg2 axb6 38. b4 Ke7 39.
Rd5 Ke6 40. Rb5 Bd4 41. a4 h4 42. a5 bxa5 43. bxa5 g4 44. fxg4 fxg4 45. Rb1 h3+
46. Kg3 h2 47. a6 Kd7 48. Kxh2 1-0

[Event "TCh-FRA Top 12 2019"]
[Site "Brest FRA"]
[Date "2019.05.28"]
[Round "11.6"]
[Board "8"]
[White "Steil-Antoni, Fiona"]
[Black "Skripchenko, Almira"]
[Result "0-1"]
[WhiteTitle "WIM"]
[BlackTitle "IM"]
[WhiteElo "2156"]
[BlackElo "2406"]
[WhiteTeam "Vandoeuvre-Echecs"]
[BlackTeam "Asnieres - Le Grand Echiquier"]
[WhiteFideId "4001249"]
[BlackFideId "13900145"]
[EventDate "2019.05.18"]

1. e4 g6 2. d4 Bg7 3. f4 d6 4. Nf3 Nf6 5. Bd3 c5 6. c3 O-O 7. O-O cxd4 8. cxd4
Nc6 9. Na3 Nb4 10. Bb1 Bg4 11. h3 Bxf3 12. Rxf3 e5 13. Nc4 exd4 14. Qxd4 d5 15.
exd5 Nfxd5 16. Qd1 Rc8 17. Bd3 Nxd3 18. Rxd3 Rxc4 19. Rxd5 Bd4+ 20. Rxd4 Rxd4
21. Qf3 Rd1+ 22. Kh2 Re8 23. b3 Qd4 0-1